| 000 | 00459nam a2200181Ia 4500 | ||
|---|---|---|---|
| 001 | 15172 | ||
| 005 | 20260306165008.0 | ||
| 008 | 260306t2010||||xx |||||||||||||| ||spa|| | ||
| 041 | _aESP | ||
| 082 |
_a530 _bT58 V. 2 2010 |
||
| 100 |
_aTipler, Paul A. _eAUT |
||
| 245 | 0 |
_aFisica para la ciencia y la tecnologĂa: _belectricidad y magnetismo, luz |
|
| 260 | _c2010 | ||
| 300 |
_a _c27 cm. |
||
| 650 | _aGEN | ||
| 654 | _aCCN | ||
| 942 |
_cLIB _dJUS _fJUS _2ddc _n |
||
| 999 |
_c15172 _d15172 |
||